| 000 | 00665nam a22002177a 4500 | ||
|---|---|---|---|
| 003 | OSt | ||
| 005 | 20260112065936.0 | ||
| 008 | 260112b |||||||| |||| 00| 0 eng d | ||
| 020 | _a81-8147-124-5. | ||
| 040 |
_aDWCL-Main lib. _cOC |
||
| 082 |
_23rd ed. _aCirc. 618.2 B134o 2003 |
||
| 100 | _aBader, Thomas J. | ||
| 245 |
_aOB/GYN secrets/ _cThomas J. Bader |
||
| 250 | _a3rd ed. | ||
| 260 |
_aPa. : _bHanley & Belfus, _c c2003. |
||
| 300 |
_axv, 378 pages. : _b illustrations. ; _c23 centimeters. |
||
| 504 | _aIncludes index. | ||
| 650 | _a1. Gynecology-Miscellanea. | ||
| 650 | _a2. Obstetrics-Miscellanea. | ||
| 942 |
_2ddc _cBK-CIRC _e3rd ed. _hCirc. _n0 |
||
| 999 |
_c7297 _d7297 |
||